| 000 | 00468nam a22001817a 4500 | ||
|---|---|---|---|
| 999 |
_c526007 _d526007 |
||
| 003 | NUST | ||
| 005 | 20190708051122.0 | ||
| 038 | _awaseem | ||
| 082 |
_a891.4911 _bSAD |
||
| 100 |
_aSiddique _916961 |
||
| 245 |
_aTary akhiyan day / _cSiddique |
||
| 260 |
_aLahore : _bNouman Publishars, _c1991. |
||
| 300 | _a120 p. ; | ||
| 500 | _aHardcover. | ||
| 880 |
_6100-01\r _aڈاکٹر صدیق حل |
||
| 880 |
_6245-02\r _aتارے اکھیاں دے / |
||
| 942 |
_2ddc _cBK |
||